| 000 | 00543nam a2200229Ia 4500 | ||
|---|---|---|---|
| 003 | 0100 | ||
| 008 | 130303s9999 xx 000 0 und d | ||
| 020 | _a0133237265 | ||
| 040 | _cARRUPELIB | ||
| 050 | _aB5375.A45 1996 | ||
| 100 | _aEnglish, Parker | ||
| 245 | _aAfrican Philosophy | ||
| 245 | _ba classical approach | ||
| 260 | _aUpper Saddle River, New Jersey | ||
| 260 | _bPrentice-Hall Inc | ||
| 260 | _C1996 | ||
| 300 | _a356p. | ||
| 300 | _b 22cm | ||
| 650 | _aPHILOSOPHY | ||
| 700 | _aKalumba, Kabujjo M | ||
| 942 | 0 | 0 | _046 |
| 999 |
_c17924 _d17924 |
||